[Event "4NCL/Div2/BRI1 vs. HKF2"]
[Site "Sunningdale ENG"]
[Date "2007.09.16"]
[Round "2.1"]
[White "Berzinsh, Roland"]
[Black "Costley, Martin O"]
[Result "1-0"]
[WhiteElo "2415"]
[BlackElo "2187"]
[PlyCount "61"]
[EventDate "2007.09.16"]
[EventType "team"]
[EventRounds "11"]
[EventCountry "ENG"]
[SourceDate "2007.09.15"]
[WhiteTeam "Bristol 1"]
[BlackTeam "Hilsmark Kingfisher 2"]

1. e4 c6 2. d4 Na6 3. Nf3 g6 4. Nc3 Nc7 5. Be3 d5 6. h3 Bg7 7. Qd2 dxe4 8. Nxe4
Nd5 9. Bc4 Nxe3 10. fxe3 Nh6 11. Neg5 O-O 12. O-O c5 13. c3 cxd4 14. exd4 Qc7
15. Bb3 a5 16. a4 Bd7 17. Rae1 e6 18. Ne5 Rae8 19. Qf4 Bc8 20. Nxg6 Qxf4 21.
Nxf4 Nf5 22. Nh5 Bh8 23. Ne4 Rd8 24. Rf4 Ne7 25. Rf2 b6 26. Re3 Bb7 27. Rg3+
Ng6 28. Nef6+ Bxf6 29. Nxf6+ Kh8 30. Bc2 Bc6 31. h4 1-0

[Event "4NCL/Div2/BRI1 vs. HKF2"]
[Site "Sunningdale ENG"]
[Date "2007.09.16"]
[Round "2.2"]
[White "Forman, Karl L"]
[Black "Rudd, Jack"]
[Result "0-1"]
[WhiteElo "2034"]
[BlackElo "2370"]
[PlyCount "70"]
[EventDate "2007.09.16"]
[EventType "team"]
[EventRounds "11"]
[EventCountry "ENG"]
[SourceDate "2007.09.15"]
[WhiteTeam "Hilsmark Kingfisher 2"]
[BlackTeam "Bristol 1"]

1. e4 e5 2. f4 exf4 3. Nf3 g5 4. h4 g4 5. Ne5 Nf6 6. d4 d6 7. Nd3 Nxe4 8. Bxf4
Qe7 9. Qe2 Bg7 10. Nc3 Nxc3 11. bxc3 h5 12. Qxe7+ Kxe7 13. Kd2 Bf5 14. Re1+ Kd7
15. g3 Nc6 16. Bg2 Rae8 17. Bg5 f6 18. Be3 Na5 19. Bd5 c6 20. Bb3 Be4 21. Rhf1
f5 22. Bg5 Bh6 23. Bf7 Ref8 24. Bg6 Nc4+ 25. Kc1 Bxg5+ 26. hxg5 h4 27. gxh4
Rxh4 28. Rf4 Rh2 29. Nf2 Bxc2 30. Nxg4 fxg4 31. Bf7 Kc7 32. Rff1 Bd3 33. Re7+
Kb6 34. Rg1 Rxf7 35. Rxf7 Rc2+ 0-1

[Event "4NCL/Div2/BRI1 vs. HKF2"]
[Site "Sunningdale ENG"]
[Date "2007.09.16"]
[Round "2.3"]
[White "Beaumont, Chris"]
[Black "Tivillier, Jacques"]
[Result "1-0"]
[WhiteElo "2324"]
[BlackElo "1900"]
[PlyCount "33"]
[EventDate "2007.09.16"]
[EventType "team"]
[EventRounds "11"]
[EventCountry "ENG"]
[SourceDate "2007.09.15"]
[WhiteTeam "Bristol 1"]
[BlackTeam "Hilsmark Kingfisher 2"]

1. d4 d5 2. c4 e6 3. Nf3 Nf6 4. g3 Be7 5. Bg2 Nbd7 6. O-O O-O 7. Qc2 c5 8. cxd5
exd5 9. Nc3 c4 10. b3 a6 11. Ne5 Nb6 12. a4 cxb3 13. Qxb3 Be6 14. Rb1 Rc8 15.
Qxb6 Rxc3 16. Qxb7 a5 17. Nc6 1-0

[Event "4NCL/Div2/BRI1 vs. HKF2"]
[Site "Sunningdale ENG"]
[Date "2007.09.16"]
[Round "2.4"]
[White "Foord, Dominic"]
[Black "Walker, Martin"]
[Result "0-1"]
[WhiteElo "1950"]
[BlackElo "2262"]
[PlyCount "52"]
[EventDate "2007.09.16"]
[EventType "team"]
[EventRounds "11"]
[EventCountry "ENG"]
[SourceDate "2007.09.15"]
[WhiteTeam "Hilsmark Kingfisher 2"]
[BlackTeam "Bristol 1"]

1. d4 Nf6 2. c4 g6 3. Nc3 d5 4. h4 Bg7 5. h5 O-O 6. hxg6 fxg6 7. cxd5 Nxd5 8.
e4 Nxc3 9. bxc3 c5 10. Bc4+ e6 11. Nf3 b5 12. Bd3 cxd4 13. e5 Qd5 14. Bh6 dxc3
15. Bxg7 Kxg7 16. Qe2 Bb7 17. Qe3 Qd7 18. Qh6+ Kg8 19. Ng5 Nc6 20. O-O-O Qe7
21. Qxh7+ Qxh7 22. Rxh7 Rxf2 23. Rxb7 Nb4 24. Bc4 Rc2+ 25. Kb1 Rb2+ 26. Kc1
bxc4 0-1

[Event "4NCL/Div2/BRI1 vs. HKF2"]
[Site "Sunningdale ENG"]
[Date "2007.09.16"]
[Round "2.5"]
[White "Buckley, David E"]
[Black "Shepherd, David"]
[Result "1-0"]
[WhiteElo "2240"]
[BlackElo "1895"]
[PlyCount "105"]
[EventDate "2007.09.16"]
[EventType "team"]
[EventRounds "11"]
[EventCountry "ENG"]
[SourceDate "2007.09.15"]
[WhiteTeam "Bristol 1"]
[BlackTeam "Hilsmark Kingfisher 2"]

1. d4 Nf6 2. c4 e6 3. Nf3 Bb4+ 4. Bd2 Be7 5. Nc3 d5 6. Bg5 b6 7. cxd5 Nxd5 8.
Bxe7 Qxe7 9. e4 Nxc3 10. bxc3 O-O 11. Qa4 Bb7 12. Bd3 c5 13. O-O Nc6 14. d5
exd5 15. exd5 Ne5 16. Be4 Nxf3+ 17. Bxf3 Qd6 18. Rfe1 Bc8 19. Qh4 Bd7 20. Qe7
Qxe7 21. Rxe7 Rad8 22. Rae1 Rfe8 23. d6 Rxe7 24. Rxe7 Be6 25. Rxa7 Kf8 26. Ra8
Rxa8 27. Bxa8 Ke8 28. Bc6+ Bd7 29. Be4 g6 30. c4 Be6 31. Bc6+ Bd7 32. Bd5 Be6
33. Bxe6 fxe6 34. Kf1 Kd7 35. Ke2 Kxd6 36. Kd3 Ke5 37. Ke3 Kf5 38. h3 g5 39.
g4+ Ke5 40. f3 h6 41. a3 Kd6 42. Ke4 e5 43. Kf5 b5 44. cxb5 Kd5 45. b6 Kc6 46.
Kxe5 Kxb6 47. Ke4 c4 48. Kd4 Kb5 49. Kc3 Ka4 50. Kxc4 Kxa3 51. Kd4 Kb4 52. Ke5
Kc5 53. Kf5 1-0

[Event "4NCL/Div2/BRI1 vs. HKF2"]
[Site "Sunningdale ENG"]
[Date "2007.09.16"]
[Round "2.6"]
[White "Hogarth, Mark J"]
[Black "Poobalasingam, Peter"]
[Result "0-1"]
[WhiteElo "1918"]
[BlackElo "2133"]
[PlyCount "62"]
[EventDate "2007.09.16"]
[EventType "team"]
[EventRounds "11"]
[EventCountry "ENG"]
[SourceDate "2007.09.15"]
[WhiteTeam "Hilsmark Kingfisher 2"]
[BlackTeam "Bristol 1"]

1. e4 c5 2. Nc3 d6 3. f4 g6 4. Nf3 Bg7 5. Bc4 e6 6. f5 Nf6 7. O-O O-O 8. fxg6
fxg6 9. d3 d5 10. exd5 exd5 11. Bb3 Nc6 12. Bg5 Be6 13. Ne4 c4 14. Nxf6+ Bxf6
15. Qe2 Qd6 16. Bxf6 Rxf6 17. Ba4 b5 18. dxc4 bxa4 19. cxd5 Bxd5 20. Rad1 Qc5+
21. Qf2 Qxf2+ 22. Rxf2 Bxa2 23. Ra1 Bd5 24. Rxa4 Raf8 25. b4 R6f7 26. b5 Ne5
27. Nxe5 Rxf2 28. Nf3 Rxc2 29. Rxa7 Bxf3 30. gxf3 Rd8 31. Ra1 Rb2 0-1

[Event "4NCL/Div2/BRI1 vs. HKF2"]
[Site "Sunningdale ENG"]
[Date "2007.09.16"]
[Round "2.7"]
[White "Menard, Marie"]
[Black "Shepherd, Katherine"]
[Result "1-0"]
[WhiteElo "1821"]
[BlackElo "1515"]
[PlyCount "41"]
[EventDate "2007.09.16"]
[EventType "team"]
[EventRounds "11"]
[EventCountry "ENG"]
[SourceDate "2007.09.15"]
[WhiteTeam "Bristol 1"]
[BlackTeam "Hilsmark Kingfisher 2"]

1. e4 e6 2. d4 d5 3. exd5 exd5 4. Nf3 Nf6 5. Bg5 Be7 6. Nc3 O-O 7. Qd2 Bf5 8.
O-O-O Nc6 9. Bd3 Bg6 10. Rde1 Re8 11. Re2 Nd7 12. Bxg6 hxg6 13. Nxd5 Bxg5 14.
Rxe8+ Qxe8 15. Nxg5 Qd8 16. Re1 Nb6 17. Nxb6 axb6 18. Qf4 Qd7 19. Qh4 f6 20.
Qh7+ Kf8 21. Qh8# 1-0

[Event "4NCL/Div2/SWD1 vs. CHEDP"]
[Site "Sunningdale ENG"]
[Date "2007.09.16"]
[Round "2.1"]
[White "Cobb, James E"]
[Black "Bellin, Robert"]
[Result "1/2-1/2"]
[WhiteElo "2422"]
[BlackElo "2403"]
[PlyCount "61"]
[EventDate "2007.09.16"]
[EventType "team"]
[EventRounds "11"]
[EventCountry "ENG"]
[SourceDate "2007.09.15"]
[WhiteTeam "S. Wales Dragons 1"]
[BlackTeam "Cheddleton-Pointon"]

1. e4 c5 2. Nf3 d6 3. Nc3 Nf6 4. g3 Nc6 5. d3 Bg4 6. h3 Bxf3 7. Qxf3 g6 8. Bg2
Bg7 9. O-O O-O 10. Qd1 Rb8 11. f4 Nd7 12. Be3 Nd4 13. Qd2 b5 14. Nd1 b4 15. g4
Qa5 16. Bf2 Qa4 17. Ne3 Nb5 18. Qc1 Nb6 19. Bh4 Nd4 20. Rf2 Qd7 21. f5 Nc6 22.
Kh1 h6 23. Nd5 g5 24. f6 exf6 25. Bg3 Qd8 26. Qf1 f5 27. Rxf5 Nxd5 28. exd5 Ne7
29. Rf2 Bxb2 30. Re1 Ng6 31. Ree2 1/2-1/2

[Event "4NCL/Div2/SWD1 vs. CHEDP"]
[Site "Sunningdale ENG"]
[Date "2007.09.16"]
[Round "2.2"]
[White "Wallace, Paul A"]
[Black "Cooper, John G"]
[Result "1/2-1/2"]
[WhiteElo "2282"]
[BlackElo "2366"]
[PlyCount "69"]
[EventDate "2007.09.16"]
[EventType "team"]
[EventRounds "11"]
[EventCountry "ENG"]
[SourceDate "2007.09.15"]
[WhiteTeam "Cheddleton-Pointon"]
[BlackTeam "S. Wales Dragons 1"]

1. e4 e6 2. d4 d5 3. Nd2 c5 4. exd5 exd5 5. Ngf3 Nc6 6. Bb5 Bd6 7. O-O Nge7 8.
dxc5 Bxc5 9. Nb3 Bd6 10. Bg5 O-O 11. Bh4 Qb6 12. Bd3 a5 13. Re1 a4 14. Nbd4 Ng6
15. Nb5 Bb4 16. c3 Nxh4 17. Nxh4 Bc5 18. Qc2 g6 19. b4 axb3 20. axb3 Rxa1 21.
Rxa1 Ne5 22. Rf1 Be7 23. Nf3 Nxf3+ 24. gxf3 Bh3 25. Re1 Bf6 26. Qd2 Bd7 27. Qe3
Qd8 28. Bf1 Re8 29. Qd2 Be5 30. f4 Bxf4 31. Rxe8+ Qxe8 32. Qxf4 Bxb5 33. Bxb5
Qxb5 34. Qb8+ Kg7 35. Qe5+ 1/2-1/2

[Event "4NCL/Div2/SWD1 vs. CHEDP"]
[Site "Sunningdale ENG"]
[Date "2007.09.16"]
[Round "2.3"]
[White "Morris, Charles F"]
[Black "Harman, Kenneth B"]
[Result "0-1"]
[WhiteElo "2198"]
[BlackElo "2173"]
[PlyCount "70"]
[EventDate "2007.09.16"]
[EventType "team"]
[EventRounds "11"]
[EventCountry "ENG"]
[SourceDate "2007.09.15"]
[WhiteTeam "S. Wales Dragons 1"]
[BlackTeam "Cheddleton-Pointon"]

1. Nf3 Nf6 2. c4 g6 3. g3 Bg7 4. Bg2 O-O 5. O-O d6 6. d4 Nbd7 7. Nc3 e5 8. h3
Re8 9. e4 a6 10. Be3 Rb8 11. Rb1 c6 12. Qc2 b5 13. cxb5 cxb5 14. Rfd1 Qe7 15.
dxe5 Nxe5 16. Nd4 Bb7 17. f4 Nc4 18. Bf2 Nxe4 19. Nxe4 Bxe4 20. Bxe4 Qxe4 21.
Qxe4 Rxe4 22. b3 Ne3 23. Bxe3 Rxe3 24. Nc6 Rbe8 25. Kf2 Re2+ 26. Kf1 Rxa2 27.
Rxd6 h5 28. Re1 Rxe1+ 29. Kxe1 a5 30. Rd8+ Kh7 31. Rd5 a4 32. Rxb5 a3 33. Ne5
Bxe5 34. fxe5 Rb2 35. Ra5 a2 0-1

[Event "4NCL/Div2/SWD1 vs. CHEDP"]
[Site "Sunningdale ENG"]
[Date "2007.09.16"]
[Round "2.4"]
[White "Bennett, Patrick"]
[Black "Zeidler, Sven P"]
[Result "0-1"]
[WhiteElo "2150"]
[BlackElo "2216"]
[PlyCount "136"]
[EventDate "2007.09.16"]
[EventType "team"]
[EventRounds "11"]
[EventCountry "ENG"]
[SourceDate "2007.09.15"]
[WhiteTeam "Cheddleton-Pointon"]
[BlackTeam "S. Wales Dragons 1"]

1. d4 f5 2. g3 Nf6 3. Bg2 g6 4. c4 Bg7 5. Nc3 d6 6. Nf3 O-O 7. O-O c6 8. d5 e5
9. dxe6 Bxe6 10. Qd3 Nbd7 11. Bf4 Nb6 12. Nd2 d5 13. c5 d4 14. cxb6 dxc3 15.
Qxc3 Nd5 16. Bxd5 Bxd5 17. Qc2 axb6 18. a3 g5 19. e4 gxf4 20. exd5 Qxd5 21.
gxf4 Rf6 22. f3 Qd4+ 23. Kh1 Qxf4 24. Rad1 b5 25. Nb3 Qc4 26. Qxc4+ bxc4 27.
Nc5 Rf7 28. Rf2 Re8 29. Rc1 b5 30. Rd1 Rfe7 31. Rd6 Re2 32. Rxe2 Rxe2 33. Rxc6
Bxb2 34. a4 c3 35. a5 c2 36. Nb3 Re3 37. a6 Rxb3 38. a7 Ra3 39. Rxc2 Rxa7 40.
Rxb2 Rb7 41. Kg2 Kf7 42. Kg3 b4 43. Kf4 Kf6 44. Rb3 Rb5 45. h3 Rb7 46. Ke3 Ke5
47. f4+ Kd5 48. Rd3+ Kc5 49. Kd2 Rg7 50. Re3 Rg2+ 51. Kc1 Kd4 52. Re5 Rh2 53.
Rxf5 Rxh3 54. Rf8 h5 55. f5 Kc3 56. Rc8+ Kb3 57. Rh8 h4 58. f6 Rf3 59. Rxh4
Rf1+ 60. Kd2 Rxf6 61. Rh8 Kb2 62. Rb8 Rd6+ 63. Ke2 b3 64. Rc8 Kb1 65. Rc7 Ra6
66. Kd2 Ka2 67. Rb7 b2 68. Kc3 b1=Q 0-1

[Event "4NCL/Div2/SWD1 vs. CHEDP"]
[Site "Sunningdale ENG"]
[Date "2007.09.16"]
[Round "2.5"]
[White "Blackburn, Jonathan L B"]
[Black "Berglitz, Regina H"]
[Result "1-0"]
[WhiteElo "2215"]
[BlackElo "2107"]
[PlyCount "65"]
[EventDate "2007.09.16"]
[EventType "team"]
[EventRounds "11"]
[EventCountry "ENG"]
[SourceDate "2007.09.15"]
[WhiteTeam "S. Wales Dragons 1"]
[BlackTeam "Cheddleton-Pointon"]

1. d4 d5 2. c4 e6 3. Nc3 Be7 4. Nf3 Nf6 5. Bg5 O-O 6. e3 Nbd7 7. Qc2 Re8 8.
O-O-O a6 9. cxd5 exd5 10. h4 b5 11. Bd3 Bb7 12. Ne5 Nf8 13. Bxf6 Bxf6 14. Ng4
Re6 15. Kb1 Be7 16. Bf5 Rb6 17. Rh3 Bc8 18. Rf3 f6 19. h5 Bxf5 20. Rxf5 Rd6 21.
Qb3 c6 22. e4 Qd7 23. Ne3 Kh8 24. exd5 Rc8 25. Rf3 cxd5 26. Nf5 Rdc6 27. Qxd5
Bb4 28. Qxd7 Nxd7 29. Rc1 g6 30. a3 Bf8 31. hxg6 hxg6 32. Rg3 gxf5 33. Rh1+ 1-0

[Event "4NCL/Div2/SWD1 vs. CHEDP"]
[Site "Sunningdale ENG"]
[Date "2007.09.16"]
[Round "2.6"]
[White "Hamblin, David J"]
[Black "Trevelyan, John"]
[Result "0-1"]
[WhiteElo "2044"]
[BlackElo "2196"]
[PlyCount "122"]
[EventDate "2007.09.16"]
[EventType "team"]
[EventRounds "11"]
[EventCountry "ENG"]
[SourceDate "2007.09.15"]
[WhiteTeam "Cheddleton-Pointon"]
[BlackTeam "S. Wales Dragons 1"]

1. d4 d6 2. Nf3 Nf6 3. c4 g6 4. Nc3 Bg7 5. e4 O-O 6. Be2 Bg4 7. O-O Nfd7 8. Be3
e5 9. dxe5 dxe5 10. Qb3 Qc8 11. Nd5 Re8 12. c5 c6 13. Nc3 Be6 14. Bc4 Na6 15.
Bxe6 Rxe6 16. Qc4 Qf8 17. b4 b5 18. Qb3 Nc7 19. Rfd1 Qe8 20. Rd2 Nf6 21. Ng5
Re7 22. Rd6 a5 23. h3 a4 24. Qc2 Rd8 25. Rad1 Red7 26. R1d2 Rxd6 27. cxd6 Ne6
28. Nxe6 Qxe6 29. Bc5 Bf8 30. f3 Bxd6 31. Bb6 Rd7 32. a3 Bf8 33. Ne2 Bh6 34.
Rd3 Nh5 35. Qd1 Rxd3 36. Qxd3 Bg5 37. Bc5 Be7 38. Be3 Ng7 39. Kf2 Qd6 40. Qxd6
Bxd6 41. g3 f6 42. Nc1 Kf7 43. Nd3 Ke6 44. Ke2 Ne8 45. Kd2 Be7 46. Nb2 Nd6 47.
Kd3 f5 48. Bd2 fxe4+ 49. fxe4 Nb7 50. Kc2 c5 51. Nd3 cxb4 52. axb4 Nd6 53. Nc5+
Kf7 54. Bc3 Nc4 55. Nb7 Ke6 56. Na5 Nxa5 57. bxa5 b4 58. a6 b3+ 59. Kb2 Bc5 60.
a7 Bxa7 61. Ka3 Bd4 0-1

[Event "4NCL/Div2/SWD1 vs. CHEDP"]
[Site "Sunningdale ENG"]
[Date "2007.09.16"]
[Round "2.7"]
[White "James, David J"]
[Black "Edwards, Simon"]
[Result "1-0"]
[WhiteElo "2220"]
[BlackElo "2025"]
[PlyCount "69"]
[EventDate "2007.09.16"]
[EventType "team"]
[EventRounds "11"]
[EventCountry "ENG"]
[SourceDate "2007.09.15"]
[WhiteTeam "S. Wales Dragons 1"]
[BlackTeam "Cheddleton-Pointon"]

1. Nf3 d5 2. d4 Nf6 3. c4 e6 4. Bg5 Be7 5. e3 O-O 6. Nc3 b6 7. Be2 Nbd7 8. O-O
Bb7 9. cxd5 exd5 10. Qb3 Rb8 11. Rfd1 c5 12. dxc5 bxc5 13. Bf4 c4 14. Qc2 Rc8
15. Ne5 Nxe5 16. Bxe5 Qa5 17. Bf3 Rfd8 18. Bg3 h6 19. Bh4 g5 20. Bg3 Qb6 21. h3
Ba8 22. Be5 Qe6 23. Bxf6 Bxf6 24. Bg4 Qe5 25. Bxc8 Rxc8 26. Qd2 Rd8 27. Qd4 Qe7
28. Qg4 Qb4 29. Qf5 Bxc3 30. bxc3 Qxc3 31. h4 gxh4 32. Rac1 Qg7 33. Rxc4 Qxg2+
34. Kxg2 dxc4+ 35. Kh2 1-0

[Event "4NCL/Div2/SWD1 vs. CHEDP"]
[Site "Sunningdale ENG"]
[Date "2007.09.16"]
[Round "2.8"]
[White "Simmons, Matthew"]
[Black "van Kemenade, Julie"]
[Result "1-0"]
[WhiteElo "2061"]
[BlackElo "1895"]
[PlyCount "47"]
[EventDate "2007.09.16"]
[EventType "team"]
[EventRounds "11"]
[EventCountry "ENG"]
[SourceDate "2007.09.15"]
[WhiteTeam "Cheddleton-Pointon"]
[BlackTeam "S. Wales Dragons 1"]

1. e4 d6 2. d4 g6 3. Nc3 Bg7 4. Be3 Nf6 5. Qd2 Ng4 6. Bg5 h6 7. Bh4 g5 8. Bg3
Nd7 9. Be2 Nf8 10. h3 Nf6 11. O-O-O Ng6 12. Kb1 c6 13. f4 Nxf4 14. Bxf4 gxf4
15. Qxf4 Qa5 16. Nf3 Bd7 17. g4 O-O-O 18. e5 Nd5 19. Nxd5 Qxd5 20. Qe3 Be6 21.
Qa3 Kc7 22. Rhe1 Ra8 23. Bf1 Rhd8 24. c4 1-0

[Event "4NCL/Div2/WRO vs. OXF1"]
[Site "Sunningdale ENG"]
[Date "2007.09.16"]
[Round "2.1"]
[White "Teplitsky, Jan"]
[Black "Savage, Ben D"]
[Result "1/2-1/2"]
[WhiteElo "2451"]
[BlackElo "2335"]
[PlyCount "37"]
[EventDate "2007.09.16"]
[EventType "team"]
[EventRounds "11"]
[EventCountry "ENG"]
[SourceDate "2007.09.15"]
[WhiteTeam "White Rose"]
[BlackTeam "Oxford 1"]

1. c4 e6 2. Nc3 d5 3. d4 dxc4 4. e4 c5 5. Nf3 cxd4 6. Nxd4 e5 7. Nf3 Qxd1+ 8.
Nxd1 Nf6 9. Bxc4 Nxe4 10. Nxe5 Bb4+ 11. Ke2 O-O 12. Kf3 Nd6 13. Bd5 Nd7 14.
Nxd7 Bxd7 15. a3 Bc5 16. Be3 Rac8 17. Rc1 Bxe3 18. Nxe3 b6 19. Rhd1 1/2-1/2

[Event "4NCL/Div2/WRO vs. OXF1"]
[Site "Sunningdale ENG"]
[Date "2007.09.16"]
[Round "2.2"]
[White "White, Michael J R"]
[Black "Gourlay, Iain"]
[Result "0-1"]
[WhiteElo "2246"]
[BlackElo "2347"]
[PlyCount "70"]
[EventDate "2007.09.16"]
[EventType "team"]
[EventRounds "11"]
[EventCountry "ENG"]
[SourceDate "2007.09.15"]
[WhiteTeam "Oxford 1"]
[BlackTeam "White Rose"]

1. d4 Nf6 2. c4 g6 3. Nc3 Bg7 4. e4 d6 5. Be2 O-O 6. Nf3 e5 7. O-O Na6 8. Be3
Ng4 9. Bg5 Qe8 10. c5 h6 11. Bh4 exd4 12. Nxd4 dxc5 13. Nb3 c4 14. Bxc4 Nb4 15.
Re1 Ne5 16. Bf1 g5 17. Bg3 Bg4 18. Qb1 Rd8 19. a3 Nbd3 20. Re3 Nf4 21. Qc2 c6
22. Na5 Qe7 23. b4 Rd7 24. b5 Rc8 25. Rc1 Qxa3 26. bxc6 Nxc6 27. Nc4 Qc5 28.
Rb1 Nd4 29. Qa4 b5 30. Nxb5 Nde2+ 31. Kh1 Qxc4 32. Qxc4 Rxc4 33. f3 Rb4 34. Re1
Be6 35. R3xe2 Rxb5 0-1

[Event "4NCL/Div2/WRO vs. OXF1"]
[Site "Sunningdale ENG"]
[Date "2007.09.16"]
[Round "2.3"]
[White "Kaid, Almar"]
[Black "Shaw, David A"]
[Result "1/2-1/2"]
[WhiteElo "2271"]
[BlackElo "2219"]
[PlyCount "63"]
[EventDate "2007.09.16"]
[EventType "team"]
[EventRounds "11"]
[EventCountry "ENG"]
[SourceDate "2007.09.15"]
[WhiteTeam "White Rose"]
[BlackTeam "Oxford 1"]

1. Nf3 d5 2. g3 Nf6 3. Bg2 e6 4. O-O Be7 5. c4 O-O 6. d4 dxc4 7. Qc2 a6 8. Qxc4
b5 9. Qc2 Bb7 10. Bg5 Nbd7 11. Bxf6 Nxf6 12. Nbd2 Rc8 13. Nb3 Bd5 14. Rfd1 c6
15. Ne1 Bxg2 16. Kxg2 Qb6 17. Nd3 Nd7 18. Rac1 Rfd8 19. e3 a5 20. Re1 a4 21.
Nbc5 Nxc5 22. Nxc5 Bxc5 23. Qxc5 Qb7 24. Kg1 Rd5 25. Qb4 Qd7 26. b3 axb3 27.
axb3 e5 28. dxe5 Rxe5 29. Red1 Rd5 30. Rxd5 Qxd5 31. Rc5 Qf3 32. Rc1 1/2-1/2

[Event "4NCL/Div2/WRO vs. OXF1"]
[Site "Sunningdale ENG"]
[Date "2007.09.16"]
[Round "2.4"]
[White "Eckersley-Waites, Tom"]
[Black "Barrett, Steve J"]
[Result "1-0"]
[WhiteElo "2186"]
[BlackElo "2219"]
[PlyCount "71"]
[EventDate "2007.09.16"]
[EventType "team"]
[EventRounds "11"]
[EventCountry "ENG"]
[SourceDate "2007.09.15"]
[WhiteTeam "Oxford 1"]
[BlackTeam "White Rose"]

1. e4 c5 2. Nf3 e6 3. d4 cxd4 4. Nxd4 Nf6 5. Nc3 d6 6. g4 a6 7. g5 Nfd7 8. Be3
b5 9. h4 Nb6 10. Bd3 N8d7 11. f4 Bb7 12. Qf3 Rc8 13. h5 Nc4 14. g6 hxg6 15.
Bxc4 Rxc4 16. hxg6 Rxh1+ 17. Qxh1 Nf6 18. gxf7+ Kxf7 19. Qh3 Qc8 20. e5 Ne4 21.
f5 Rxc3 22. O-O-O Rxe3 23. Qxe3 dxe5 24. Nxe6 Be7 25. Qb3 Qc4 26. Qh3 Nf6 27.
Rg1 Bf8 28. Qh8 Nd7 29. Nxf8 Nxf8 30. Qxg7+ Ke8 31. Qxb7 Qf4+ 32. Kb1 Qf2 33.
Qc6+ Kd8 34. Rd1+ Ke7 35. Qd6+ Kf7 36. Qxe5 {time} 1-0

[Event "4NCL/Div2/WRO vs. OXF1"]
[Site "Sunningdale ENG"]
[Date "2007.09.16"]
[Round "2.5"]
[White "Gayson, Peter M"]
[Black "Rawlinson, Aidan"]
[Result "1-0"]
[WhiteElo "2232"]
[BlackElo "2221"]
[PlyCount "81"]
[EventDate "2007.09.16"]
[EventType "team"]
[EventRounds "11"]
[EventCountry "ENG"]
[SourceDate "2007.09.15"]
[WhiteTeam "White Rose"]
[BlackTeam "Oxford 1"]

1. e4 c5 2. Nf3 e6 3. d4 cxd4 4. Nxd4 Nf6 5. Nc3 Nc6 6. Ndb5 d6 7. Bf4 e5 8.
Bg5 a6 9. Na3 b5 10. Nd5 Be7 11. Bxf6 Bxf6 12. c3 Rb8 13. Nc2 Bg5 14. Be2 O-O
15. O-O a5 16. a3 Be6 17. Nce3 g6 18. Kh1 Kh8 19. Qd3 Qd7 20. Rad1 f5 21. f4
exf4 22. Nxf4 fxe4 23. Qxe4 Bb3 24. Bg4 Qe7 25. Qxe7 Nxe7 26. Rd4 Nc6 27. h4
Nxd4 28. hxg5 Nf5 29. Bxf5 gxf5 30. Nh5 Be6 31. Nf4 Rbe8 32. Nc2 Bc4 33. Rf3
Rg8 34. Rg3 Re4 35. Nh3 Rg4 36. Re3 h6 37. Nd4 Bf1 38. Re6 Kh7 39. Rxh6+ Kg7
40. Nxf5+ Kf7 41. Ne3 1-0

[Event "4NCL/Div2/WRO vs. OXF1"]
[Site "Sunningdale ENG"]
[Date "2007.09.16"]
[Round "2.6"]
[White "Hackett, David G"]
[Black "Adams, David M"]
[Result "0-1"]
[WhiteElo "2163"]
[BlackElo "2234"]
[PlyCount "60"]
[EventDate "2007.09.16"]
[EventType "team"]
[EventRounds "11"]
[EventCountry "ENG"]
[SourceDate "2007.09.15"]
[WhiteTeam "Oxford 1"]
[BlackTeam "White Rose"]

1. e4 d5 2. exd5 Qxd5 3. Nc3 Qd6 4. Bc4 Nf6 5. Qe2 Nc6 6. Ne4 Nxe4 7. Qxe4 f5
8. Qd5 Qg6 9. Nf3 e6 10. Qd3 Bd7 11. c3 O-O-O 12. Qe2 e5 13. d3 e4 14. dxe4
fxe4 15. Ng5 Ne5 16. h4 Bg4 17. f3 exf3 18. Qxe5 fxg2 19. Rg1 Re8 20. Be6+ Bxe6
21. Be3 Bd6 22. Qd4 Bg3+ 23. Ke2 Qh5+ 24. Kd2 Rd8 25. Nxe6 Rxd4+ 26. Nxd4 c5
27. Nb3 Rd8+ 28. Kc2 Qf5+ 29. Kc1 Qf1+ 30. Kc2 Qd3+ 0-1

[Event "4NCL/Div2/WRO vs. OXF1"]
[Site "Sunningdale ENG"]
[Date "2007.09.16"]
[Round "2.7"]
[White "Corke, Anya"]
[Black "Smallbone, Kieran"]
[Result "1/2-1/2"]
[WhiteElo "2149"]
[BlackElo "2216"]
[PlyCount "45"]
[EventDate "2007.09.16"]
[EventType "team"]
[EventRounds "11"]
[EventCountry "ENG"]
[SourceDate "2007.09.15"]
[WhiteTeam "White Rose"]
[BlackTeam "Oxford 1"]

1. d4 Nf6 2. Bg5 e6 3. e4 h6 4. Bxf6 Qxf6 5. c3 d5 6. e5 Qd8 7. Nf3 c5 8. a3 a5
9. Be2 a4 10. O-O Qb6 11. Qd2 Nc6 12. dxc5 Bxc5 13. Qc2 Bd7 14. Bd3 Na5 15.
Nbd2 O-O 16. Ne1 Rac8 17. Rd1 f5 18. exf6 Rxf6 19. Ndf3 Rcf8 20. Bh7+ Kh8 21.
Nd3 Bd6 22. Nde5 Be8 23. Bg6 1/2-1/2

[Event "4NCL/Div2/WRO vs. OXF1"]
[Site "Sunningdale ENG"]
[Date "2007.09.16"]
[Round "2.8"]
[White "Messam-Sparkes, Lateefah"]
[Black "Burnett, Jim"]
[Result "0-1"]
[WhiteElo "1924"]
[BlackElo "2190"]
[PlyCount "36"]
[EventDate "2007.09.16"]
[EventType "team"]
[EventRounds "11"]
[EventCountry "ENG"]
[SourceDate "2007.09.15"]
[WhiteTeam "Oxford 1"]
[BlackTeam "White Rose"]

1. e4 d5 2. exd5 Qxd5 3. Nc3 Qa5 4. d4 Nf6 5. Bd2 c6 6. Nf3 Bf5 7. Ne5 Nbd7 8.
Nc4 Qc7 9. Ne3 Bg6 10. d5 Nb6 11. dxc6 bxc6 12. a4 e6 13. Qf3 Rb8 14. Ncd1 Be7
15. c3 O-O 16. Ba6 Ne4 17. Qe2 Rfd8 18. Bd3 Nxd2 0-1

[Event "4NCL/Div2/BARY vs. PAP"]
[Site "Sunningdale ENG"]
[Date "2007.09.16"]
[Round "2.1"]
[White "Wells, Daniel"]
[Black "Summerscale, Aaron"]
[Result "0-1"]
[WhiteElo "2024"]
[BlackElo "2493"]
[PlyCount "92"]
[EventDate "2007.09.16"]
[EventType "team"]
[EventRounds "11"]
[EventCountry "ENG"]
[SourceDate "2007.09.15"]
[WhiteTeam "Barbican 4NCL 1"]
[BlackTeam "Pride and Prejudice"]

1. e4 Nf6 2. e5 Nd5 3. d4 d6 4. Nf3 dxe5 5. Nxe5 c6 6. c4 Nb4 7. Be3 Bf5 8. Bd3
Nxd3+ 9. Nxd3 e6 10. Nc3 Nd7 11. O-O Be7 12. Ne2 O-O 13. Ng3 Bg6 14. Nf4 Qc7
15. Nxg6 hxg6 16. Qc2 Nf6 17. h3 Rfd8 18. Rfd1 Rd7 19. Rd3 Rad8 20. Rad1 Qa5
21. a3 b5 22. b4 Qa6 23. c5 Qb7 24. Qe2 a5 25. bxa5 Ra8 26. Bd2 Bd8 27. Ne4
Nxe4 28. Qxe4 Bxa5 29. Bxa5 Rxa5 30. Rb1 Rd5 31. Rb4 Ra7 32. Rdb3 Qa8 33. Qf3
Qd8 34. Qe3 Kh7 35. Qf4 g5 36. Qg4 g6 37. Rf3 Rad7 38. Qe4 Kg8 39. Kh2 Qc7+ 40.
Kg1 Rxc5 41. g3 Rcd5 42. Kg2 R7d6 43. Rc3 Qd8 44. Qc2 Rxd4 45. Rxc6 Rxb4 46.
axb4 Qa8 0-1